Les bonheurs d'outre-tombe / (Record no. 54180)

MARC details
000 -LEADER
campo de control de longitud fija 00661nam a2200217 i 4500
001 - NÚMERO DE CONTROL
campo de control 54180
003 - IDENTIFICADOR DE NÚMERO DE CONTROL
campo de control ES-MaACL
005 - FECHA Y HORA DE LA ÚLTIMA TRANSACCIÓN
campo de control 20250815063219.0
007 - CAMPO FIJO DE DESCRIPCIÓN FÍSICA--INFORMACIÓN GENERAL
campo de control de longitud fija t|
008 - DATOS DE LONGITUD FIJA--INFORMACIÓN GENERAL
campo de control de longitud fija 960716q1892 fr |||| | fre d
040 ## - FUENTE DE CATALOGACIÓN
Centro catalogador/agencia de origen CAM
Lengua de catalogación spa
Centro/agencia transcriptor CAM
100 1# - ENTRADA PRINCIPAL--NOMBRE DE PERSONA
Nombre de persona Figuier, Louis,
Fechas asociadas al nombre 1819-1894
9 (RLIN) 50814
245 14 - MENCIÓN DEL TÍTULO
Título Les bonheurs d'outre-tombe /
Mención de responsabilidad, etc. Louis Figuier.
260 ## - PUBLICACIÓN, DISTRIBUCIÓN, ETC.
Lugar de publicación, distribución, etc. Paris :
Nombre del editor, distribuidor, etc. Librairie Marpon et Flammarion,
Fecha de publicación, distribución, etc. [1892?] (
Fabricante Emile Colin, imp. de Lagny)
300 ## - DESCRIPCIÓN FÍSICA
Extensión IX, 370 p. ;
Dimensiones 19 cm.
650 #7 - PUNTO DE ACCESO ADICIONAL DE MATERIA--TÉRMINO DE MATERIA
Término de materia o nombre geográfico como elemento de entrada Muerte
Fuente del encabezamiento o término embne
9 (RLIN) 15241
650 07 - PUNTO DE ACCESO ADICIONAL DE MATERIA--TÉRMINO DE MATERIA
Término de materia o nombre geográfico como elemento de entrada Vida futura
Fuente del encabezamiento o término embne
9 (RLIN) 17794
650 04 - PUNTO DE ACCESO ADICIONAL DE MATERIA--TÉRMINO DE MATERIA
Término de materia o nombre geográfico como elemento de entrada Inmortalidad
9 (RLIN) 13785
852 ## - LOCALIZACIÓN
Ubicación ES-MaACL
Número de control de estantería D-3172
Holdings
Estatus retirado Estado de pérdida Estado de daño No para préstamo Colección Biblioteca de origen Biblioteca actual Ubicación en estantería Fecha de adquisición Fuente de adquisición Total de préstamos Signatura topográfica completa Código de barras Visto por última vez Precio de reemplazo Tipo de ítem Koha
        Libros del s. XIX Biblioteca del Ateneo de Madrid Biblioteca del Ateneo de Madrid Sala Valle Inclán 17/01/2008     D-3172 901056939 23/02/2023 23/02/2023 Libro impreso antiguo